NHL Top 5 Scorers for Each Country - Statistics

General Stats
  • This quiz has been taken 2,416 times
  • The average score is 14 of 45
Answer Stats
Country Points Player % Correct
Canada 2857 Wayne Gretzky
99%
Czech Republic 1755 Jaromir Jagr
88%
Canada 1850 Gordie Howe
75%
Finland 1457 Teemu Selanne
75%
Canada 1887 Mark Messier
69%
United States 1374 Mike Modano
64%
Finland 1398 Jari Kurri
58%
Sweden 1349 Mats Sundin
58%
Russia 1179 Sergei Fedorov
55%
Sweden 885 Peter Forsberg
47%
Canada 1771 Marcel Dionne
43%
Finland 832 Saku Koivu
41%
Slovakia 995 Marian Hossa
39%
Canada 1798 Ron Francis
37%
Sweden 1142 Nicklas Lidstrom
36%
Slovakia 1467 Stan Mikita
36%
Slovakia 1239 Peter Stastny
31%
Sweden 1157 Daniel Alfredsson
30%
Czech Republic 983 Patrik Elias
28%
Russia 1032 Alexander Mogilny
27%
United States 1216 Jeremy Roenick
24%
Sweden 869 Markus Naslund
24%
Russia 816 Ilya Kovalchuk
23%
Finland 740 Olli Jokinen
23%
Germany 791 Dany Heatley
20%
Russia 1029 Alexei Kovalev
19%
United States 1065 Keith Tkachuk
19%
Germany 678 Walt Tkaczuk
19%
Germany 487 Marco Sturm
17%
Slovakia 768 Pavol Demitra
16%
United Kingdom 245 Peter Lee
16%
Czech Republic 805 Milan Hejduk
15%
Slovakia 735 Miroslav Satan
15%
United Kingdom 885 Owen Nolan
14%
United States 1232 Phil Housley
13%
United Kingdom 933 Steve Thomas
13%
United States 1063 Joe Mullen
12%
Russia 853 Vyacheslav Kozlov
10%
Germany 463 Jochen Hecht
8%
United Kingdom 375 Steve Smith
8%
Czech Republic 747 Bobby Holik
7%
Finland 856 Tomas Sandstrom
6%
Czech Republic 765 Vaclav Prospal
5%
United Kingdom 800 Ken Hodge
3%
Germany 321 Willie Huber
1%
No matching quizzes found
Score Distribution
Percent of People with Each Score
Percentile by Number Answered
Your Score History
You have not taken this quiz